00688 2200217 4500001002100000005001700021008004100038035002500079040001200104082001500116084002000131100001700151245011900168260004600287300003100333500003100364650002400395700002100419850001200440990001800452INLIS00000000001037120150815150309.0  a0010-081500000001809 aYOPDYOG 223a361.12 aSK 362.12 Nun E aNUNIEK Aulia aEvaluasi pelaksanaan stendar pelayanan farmasi di Ramah Sakit Tipe C di Daerah Istimewa Yogyakartac/ Nuniek Aulia aYogyakartabUniversitas Gadjah Madac2006 axi, 108 lembarc; 29,5 cm. aTesis Program Pascasarjana aFasilitas kesehatan aDWI pudjaningsih aYOPDYOG a48355-PD/A.15